000 00514nam a22001817a 4500
005 20251108164904.0
008 250721s1977 xx 000 0 ara d
082 1 4 _a962.02/محم
100 1 _aعودة، محمد
245 1 0 _aالباشا و الثورة /
264 1 _aالقاهرة :
_bمؤسسة روز اليوسف،
_c1977.
300 _a86ص
490 0 _aالكتاب الذهبي
650 1 7 _aتاريخ مصر
650 1 7 _aالتاريخ السياسي
942 _2ddc
_cBK
999 _c16724
_d16724